RDAs' partnership working is impressive (Record no. 66319)
[ view plain ]
| 000 -LEADER | |
|---|---|
| fixed length control field | 01215cam a2200241 4500 |
| 001 - CONTROL NUMBER | |
| control field | WB3710-36 |
| 008 - FIXED-LENGTH DATA ELEMENTS--GENERAL INFORMATION | |
| fixed length control field | 000000n2001 000 0 eng u |
| 035 ## - SYSTEM CONTROL NUMBER | |
| System control number | (Sirsi) u111295 |
| 245 ## - TITLE STATEMENT | |
| Title | RDAs' partnership working is impressive |
| 260 ## - PUBLICATION, DISTRIBUTION, ETC. | |
| Date of publication, distribution, etc. | 2001 |
| 490 ## - SERIES STATEMENT | |
| Series statement | DETR Press Release |
| Volume/sequential designation | (pr113) 2 March 2001, (3) |
| 520 ## - SUMMARY, ETC. | |
| Summary, etc. | A report on Strategy Development and Partnership Working in Regional Development Agencies (RDAs) has just been published. This suggests that RDAs have made impressive progress in establishing themselves as leading strategic bodies for the economic regeneration and development of the English regions. The report also highlights good practice and makes recommendations for further improvement. Copies of the report, pirced £17, are available from: DETR Publication Sales Centre, Unit 8, Goldthorpe Road Industrial Estate, Goldthorpe, Rotherham, S63 9BL. For a summary of the report see: www.regeneration.detr.gov.uk/rs/index.htm |
| 590 ## - LOCAL NOTE (RLIN) | |
| Local note | WB |
| 650 ## - SUBJECT ADDED ENTRY--TOPICAL TERM | |
| Topical term or geographic name entry element | DETR |
| 650 ## - SUBJECT ADDED ENTRY--TOPICAL TERM | |
| Topical term or geographic name entry element | REGIONAL DEVELOPMENT AGENCIES |
| 650 ## - SUBJECT ADDED ENTRY--TOPICAL TERM | |
| Topical term or geographic name entry element | RDAS |
| 650 ## - SUBJECT ADDED ENTRY--TOPICAL TERM | |
| Topical term or geographic name entry element | REGIONS |
| 650 ## - SUBJECT ADDED ENTRY--TOPICAL TERM | |
| Topical term or geographic name entry element | DEVELOPMENT |
| 650 ## - SUBJECT ADDED ENTRY--TOPICAL TERM | |
| Topical term or geographic name entry element | GOOD PRACTICE |
| 650 ## - SUBJECT ADDED ENTRY--TOPICAL TERM | |
| Topical term or geographic name entry element | PARTNERSHIPS |
| 690 ## - LOCAL SUBJECT ADDED ENTRY--TOPICAL TERM (OCLC, RLIN) | |
| Topical term or geographic name as entry element | REGENERATION |
| 942 ## - ADDED ENTRY ELEMENTS (KOHA) | |
| Suppress in OPAC | 0 |
| Withdrawn status | Lost status | Source of classification or shelving scheme | Damaged status | Not for loan | Home library | Current library | Shelving location | Date acquired | Total Checkouts | Full call number | Barcode | Date last seen | Copy number | Price effective from | Koha item type |
|---|---|---|---|---|---|---|---|---|---|---|---|---|---|---|---|
| Dewey Decimal Classification | London | London | News article | 07/03/2001 | WB3710-36 | 111295-1001 | 06/08/2019 | 1 | 06/08/2019 | News article |